[Event "SVK-chT4A21 1213"]
[Site "Slovakia"]
[Date "2013.03.17"]
[Round "11.5"]
[White "Blanarik, Dominik"]
[Black "Hrubsa, Marian"]
[Result "1-0"]
[WhiteElo "1538"]
[BlackElo "1820"]
[PlyCount "125"]
[EventDate "2012.10.14"]
[EventType "team-tourn"]
[EventRounds "11"]
[EventCountry "SVK"]
[SourceTitle "EXT 2022"]
[Source "ChessBase"]
[SourceDate "2021.10.06"]
[SourceVersion "1"]
[SourceVersionDate "2021.10.06"]
[SourceQuality "1"]
[WhiteTeam "Kopcany"]
[BlackTeam "Skalica II"]
[WhiteTeamCountry "SVK"]
[BlackTeamCountry "SVK"]

1. e4 e6 2. d4 d5 3. e5 c5 4. Nf3 Nc6 5. Nc3 cxd4 6. Nxd4 Nxe5 7. Bb5+ Bd7 8. Qh5 Ng6 9. Bg5 Be7 10. Bxe7 Qxe7 11. Bd3 Nf6 12. Qe2 0-0 13. g3 Qb4 14. Nb3 e5 15. a3 Qd6 16. 0-0-0 a6 17. f3 b5 18. h4 b4 19. axb4 Qxb4 20. h5 Ne7 21. Qxe5 Nc6 22. Nxd5 Nxe5 23. Nxb4 a5 24. Na2 Nxf3 25. Nc5 Bc6 26. Nc3 Ng5 27. Rh4 Bf3 28. Be2 Bc6 29. h6 Rad8 30. hxg7 Rxd1+ 31. Kxd1 Kxg7 32. Bd3 Re8 33. Rc4 Bf3+ 34. Ne2 Nd5 35. Kd2 Ne3 36. Ra4 Bc6 37. Rxa5 Nf3+ 38. Kc1 Rd8 39. b4 Bd5 40. b5 Bc4 41. b6 Ne5 42. Ne6+ Bxe6 43. Rxe5 Nd5 44. b7 Rb8 45. Be4 Kf6 46. Rxd5 Bxd5 47. Bxd5 Ke5 48. c4 f6 49. Nf4 Kd6 50. Kc2 Re8 51. Ne6 Rb8 52. Kc3 Rg8 53. Ng5 Re8 54. Nxh7 Kc7 55. Nxf6 Re3+ 56. Kd4 Rxg3 57. c5 Rg1 58. c6 Rd1+ 59. Kc5 Rc1+ 60. Bc4 Rg1 61. Ne8+ Kb8 62. Kb6 Rg6 63. Nc7 1-0